00299 a2200133 450000100060000008200180000610000170002424500320004125000060007326000320007930000160011150000210012750500170014883582 a629.13252 LOW aLowe, Andrew aApplies Aviation Psychology a1 aUKbAshgate Publisherc1996 axxxii 484p. aBS DOS Textbooks aGifted Books